Orte Österreichs anhand Schlösser (Bildquiz) - Statistiken

Allgemein
  • Dieses Quiz wurde 95 mal gespielt
  • Das Durchschnittsergebnis liegt bei 6 aus 20
Antwortstatistiken
Bildquiz Antwort % Korrekt
Wien
93%
Salzburg
92%
Eisenstadt
65%
Graz (Eggenberg)
57%
Kufstein
44%
Schallaburg
37%
Gmunden
35%
Villach (Landskron)
33%
Werfen
33%
Riegersburg
24%
Wolfsberg
16%
Forchtenstein
13%
Maria Enzersdorf
12%
Artstetten
11%
Landeck
11%
Leobendorf
11%
Trautenfels
7%
Hardegg
5%
Marchegg
5%
Goldegg
4%
Keine übereinstimmenden Quizze gefunden
Verteilung der Resultate
Anzahl Personen mit jedem Resultat
Perzentil nach korrekt beantworteten Fragen
Ihre Resultats-Entwicklung
Sie haben dieses Quiz noch nicht gespielt